000 00540nam a22002057a 4500
005 20250219185128.0
008 170602b2011 xxu||||| |||| 00| 0 spa d
041 _aING
_aESP
082 _aR 658.15 D748d
100 _aDownes, John | Elliot Goodman, Jordan
_974936
245 _aDiccionario de términos de finanzas e inversiones
260 _aMéxico
260 _bGrupo editorial patria
260 _c2011
300 _a813 páginas
650 _aDICCIONARIOS
650 _aFINANZAS
650 _aINVERSIONES
942 _cREF
_2ddc
999 _c9507
_d9507